000 00658nam a22002177a 4500
999 _c372
_d372
003 AR-CdUCM
008 190223b ||||| |||| 00| 0 spa d
040 _aMUNICIPALIDAD PROVINCIAL DEL CUSCO
_cBIBLIOTECA MUNICIPAL DEL CUSCO
082 _a869.10 /
_bA88
100 _aAub, Max
_91502
245 _aPoesía mexicana , 1950-1960 /
260 _aMéxico, D.F :
_bAguilar,
_c1960.
300 _a373 páginas ;
_b21 cm.
440 _aColección literaria
_91503
650 _aPoetas mexicanos
_91504
650 _aPoesía mexicana
_91505
650 _aBibliografía
_9729
650 _aColecciones
_9607
942 _2ddc
_cLIBROS
945 _araen
_d2019-02-23